Basic laboratory experiments : (رقم التسجيلة. 31409)

تفاصيل مارك
000 -الفاتح
حقل البيانات ثابتة الطول 00597nam a22001817a 4500
003 - محدد رقم الضبط
رقم الضبط OSt
005 - وقت وتاريخ اخر تعامل مع التسجيلة
رقم الضبط 20150408114144.0
008 - عناصر البيانات ثابتة الطول - معلومات عامة
حقل البيانات ثابتة الطول 131022s us a | 00| 0 eng d
020 ## - الرقم الدولى المعيارى للكتب
الرقم الدولى المعيارى للكتاب 9781111426613
040 ## - مصدر الفهرسة
وكالة الفهرسة الأصلية Ma-Un
082 00 - رقم تصنيف ديوى العشرى
رقم الطبعة 23
رقم التصنيف 574.19
رقم المادة LJB
100 1# - المدخل الرئيسى - إسم شخصى
الإسم الشخصى Landesberg, Joseph M.
9 (RLIN) 36449
245 10 - بيان العنوان
العنوان Basic laboratory experiments :
بقية العنوان general, organic, and biochemistry /
بيان المسئوليه,etc Joseph M. landesberg.
260 ## - PUBLICATION, DISTRIBUTION, ETC. (IMPRINT)
مكان الناشر او الموزع Belmont, CA :
اسم الناشر او الموزع Brooks/Cole, Cengage Learning,
تاريخ النشر أو التوزيع 2012
300 ## - الوصف المادى
التعداد 224 p. :
تفاصيل ماديه اخرى للوعاء ill ;
أبعاد الوعاء 28 cm.
650 #4 - المدخل الاضافى بالموضوع-مصطلح موضوعى
مصطلح موضوعي أو اسم جغرافي كعنصر مدخل Chemistry
التقسيم الفرعي العام Experiments
-- Problems, exercises, etc
9 (RLIN) 38117
942 ## - عناصر المدخل الإضافي( كوها)
مصدر التصنيف او مخطط الترفيف Dewey Decimal Classification
Koha [default] item type كتاب
المقتنيات
حالة الفقد نموذج السعر الفعال حالة تلف ليس للاعارة رقم الطلب رقم النسخة تاريخ الاكتساب الموقع الحالي الباركود الفرع الرئيسي Total Renewals Date last checked out Date last seen نوع المادة فى نظام كوها مصدر التصنيف او خطة الترفيف Total Checkouts
  2013-10-22   Not For Loan 574.19 LJB 1 2013-10-22 المكتبة المركزية بالمجمعة (CL) 00207003 المكتبة المركزية بالمجمعة (CL) 1 2017-09-20 2018-03-14 كتاب Dewey Decimal Classification 1
  2013-10-22     574.19 LJB 2 2013-10-22 المكتبة المركزية بالمجمعة (CL) 00206695 المكتبة المركزية بالمجمعة (CL)     2013-10-22 كتاب Dewey Decimal Classification  
  2013-10-22     574.19 LJB 3 2013-10-22 المكتبة المركزية بالمجمعة (CL) 00206694 المكتبة المركزية بالمجمعة (CL)   2016-09-28 2017-02-20 كتاب Dewey Decimal Classification 1
  2013-10-22   Not For Loan 574.19 LJB 1 2013-10-22 مكتبة مجمع الكليات بالزلفى - طلاب (SZM) 00206693 مكتبة مجمع الكليات بالزلفى - طلاب (SZM)     2013-10-22 كتاب Dewey Decimal Classification  
  2013-10-22     574.19 LJB 2 2013-10-22 مكتبة مجمع الكليات بالزلفى - طلاب (SZM) 00206692 مكتبة مجمع الكليات بالزلفى - طلاب (SZM)     2013-10-22 كتاب Dewey Decimal Classification